Sports Quiz

Random Sports or NHL Quiz

Top 50 NHL Scorers from 1989-1999 Quiz Stats

 Plays Quiz not verified by Sporcle

Challenge
Share
Tweet
Embed
Score 0/50 Timer 10:00
0 Plays Today
Points Player % Correct
1020Wayne Gretzky
100%
918Steve Yzerman
99.2%
862Jaromir Jagr
98.8%
917Joe Sakic
98.4%
927Adam Oates
97.9%
779Mario Lemieux
97.9%
896Brett Hull
97.5%
819Mark Messier
96.7%
735Mike Modano
95.5%
842Ron Francis
95.1%
715Mats Sundin
94.7%
712Ray Bourque
94.2%
644Teemu Selanne
93%
783Luc Robitaille
92.2%
775Jeremy Roenick
92.2%
670Brian Leetch
92.2%
600Eric Lindros
90.9%
840Mark Recchi
90.1%
725Brendan Shanahan
90.1%
672Sergei Fedorov
89.7%
637Pat LaFontaine
89.3%
538John LeClair
88.9%
793Doug Gilmour
88.5%
714Alexander Mogilny
87.7%
820Theoren Fleury
87.2%
Points Player % Correct
643Joe Nieuwendyk
86%
869Pierre Turgeon
85.6%
545Peter Bondra
85.6%
672Dave Andreychuk
84.4%
649Al MacInnis
82.7%
638Paul Coffey
82.7%
659Kevin Stevens
81.9%
574Trevor Linden
81.1%
767Vincent Damphousse
80.2%
703Rod Brind'Amour
78.2%
561Dale Hawerchuk
77.8%
598Phil Housley
70.4%
532Mike Gartner
69.1%
594Larry Murphy
67.5%
644Pat Verbeek
65.4%
534Dino Ciccarelli
65.4%
611Rick Tocchet
62.6%
527Kirk Muller
62.1%
540Stephane Richer
60.9%
549Brian Bellows
60.1%
673Craig Janney
58.8%
582Steve Thomas
52.3%
529Ray Sheppard
48.1%
548Geoff Courtnall
46.5%
595Dave Gagner
45.7%

You're not logged in!

Compare scores with friends on all Sporcle quizzes.
OR
Log In

You Might Also Like...

Show Comments

Extras

Top Quizzes Today


Score Distribution

Your Account Isn't Verified!

In order to create a playlist on Sporcle, you need to verify the email address you used during registration. Go to your Sporcle Settings to finish the process.

Report this User

Report this user for behavior that violates our Community Guidelines.

Details: